|
|
|
|
| LEADER |
00000nam0a2200000 4500 |
| 001 |
167981 |
| 005 |
20231101222727.0 |
| 010 |
|
|
|a 9785986721811
|
| 010 |
|
|
|a 978-5-7418-0625-8
|
| 035 |
|
|
|a (RuTPU)RU\TPU\book\182246
|
| 090 |
|
|
|a 167981
|
| 100 |
|
|
|a 20091022d2010 m y0rusy50 ca
|
| 101 |
0 |
|
|a rus
|
| 102 |
|
|
|a RU
|
| 105 |
|
|
|a a j 001zy
|
| 200 |
1 |
|
|a Защита населения и территорий в чрезвычайных ситуациях
|e учебное пособие для вузов
|f И. А. Бевз, Н. В. Ворожейкина
|
| 210 |
|
|
|a Москва
|c Изд-во Московского гос. горного ун-та
|c Горная книга
|d 2010
|
| 215 |
|
|
|a 488 с.
|c ил.
|
| 225 |
1 |
|
|a Безопасность жизнедеятельности
|
| 320 |
|
|
|a Библиогр.: с. 480-483.
|
| 330 |
|
|
|a Рассмотрены вопросы, связанные с решением первоочередных задач в условиях чрезвычайных ситуаций мирного и военного времени. Изложены новые подходы к содержанию, организации и порядку подготовки и реализации мероприятий по предупреждению и ликвидации чрезвычайных ситуаций. Особое внимание уделено рискам, возникающим при применении современного оружия массового поражения и высокоточного обычного оружия, нарастании угрозы терроризма, возрастающем уровне техногенных аварий и катастроф, увеличении масштабов последствий стихийных бедствий.
|
| 606 |
1 |
|
|a Чрезвычайные ситуации
|2 stltpush
|3 (RuTPU)RU\TPU\subj\37291
|9 58373
|
| 610 |
1 |
|
|a гражданская оборона
|
| 610 |
1 |
|
|a организационные основы
|
| 610 |
1 |
|
|a РСЧС
|
| 610 |
1 |
|
|a Единая государственная система предупреждения и ликвидации чрезвычайных ситуаций
|
| 610 |
1 |
|
|a мирное время
|
| 610 |
1 |
|
|a военное время
|
| 610 |
1 |
|
|a природные катаклизмы
|
| 610 |
1 |
|
|a техногенные катастрофы
|
| 610 |
1 |
|
|a землетрясения
|
| 610 |
1 |
|
|a вулканы
|
| 610 |
1 |
|
|a наводнения
|
| 610 |
1 |
|
|a катастрофические паводки
|
| 610 |
1 |
|
|a объекты экономики
|
| 610 |
1 |
|
|a ядерное оружие
|
| 610 |
1 |
|
|a химическое оружие
|
| 610 |
1 |
|
|a бактериологическое оружие
|
| 610 |
1 |
|
|a высокоточное оружие
|
| 610 |
1 |
|
|a население
|
| 610 |
1 |
|
|a территория
|
| 610 |
1 |
|
|a защита
|
| 610 |
1 |
|
|a эвакуационные мероприятия
|
| 610 |
1 |
|
|a средства индивидуальной защиты
|
| 610 |
1 |
|
|a защитные сооружения
|
| 610 |
1 |
|
|a медицинская помощь
|
| 610 |
1 |
|
|a радиационная разведка
|
| 610 |
1 |
|
|a радиационный контроль
|
| 610 |
1 |
|
|a радиоактивные загрязнения
|
| 610 |
1 |
|
|a химическая разведка
|
| 610 |
1 |
|
|a дозиметрический контроль
|
| 610 |
1 |
|
|a устойчивость
|
| 610 |
1 |
|
|a последствия
|
| 610 |
1 |
|
|a ликвидация последствий
|
| 610 |
1 |
|
|a аварийно-спасательные работы
|
| 610 |
1 |
|
|a руководство
|
| 610 |
1 |
|
|a взаимодействие
|
| 610 |
1 |
|
|a специальная обработка
|
| 610 |
1 |
|
|a обучение
|
| 610 |
1 |
|
|a учебные пособия
|
| 675 |
|
|
|a 614.8(075.8)
|v 3
|
| 700 |
|
1 |
|a Бевз
|b И. А.
|g Иван Аксентьевич
|
| 701 |
|
1 |
|a Ворожейкина
|b Н. В.
|g Наталья Вячеславовна
|
| 801 |
|
1 |
|a RU
|b 63413507
|c 20091022
|
| 801 |
|
2 |
|a RU
|b 63413507
|c 20150611
|g RCR
|
| 900 |
|
|
|a Защита окружающей среды в чрезвычайной ситуации
|
| 900 |
|
|
|a Защита населения и территорий в чрезвычайных ситуациях
|
| 900 |
|
|
|a Безопасность жизнедеятельности
|
| 942 |
|
|
|c BK
|
| 951 |
|
|
|b 130400
|
| 959 |
|
|
|a 109/20091021
|d 1
|e 0
|f ЧЗТЛ:1
|
| 959 |
|
|
|a 71/20101007
|d 2
|e 820,00
|f АНЛ:1
|f ЧЗТЛ:1
|